00788nam a2200253 a 450000100060000000300080000600500170001400800410003102000160007203500190008804000320010704100080013908200260014710000240017324500880019726000410028530000320032650000220035865000250038065000260040565000230043170000270045483000530048153052BD-RjUL20211209075912.0161002s1988 nyua b 001 0 eng  a0412014211  a(BD-RjUL)53172 aDLCcDLCdDLCdBD-RjULbeng aeng00a519.536223bCAT 19881 aCarroll, Raymond J.10aTransformation and weighting in regression /cRaymond J. Carroll and David Ruppert. aNew York :bChapman and Hall,c1988. ax, 249 p. :bill. ;c22 cm. aIncludes indexes. 0aRegression analysis. 0aAnalysis of variance. 0aEstimation theory.1 aRuppert, David,d1948- aMonographs on statistics and applied probability